000 00402nam a2200157Ia 4500
008 230917s9999||||xx |||||||||||||| ||und||
040 _e52328
_aMAIN
041 _aEnglish
082 _a340.1 P274I
100 _aPaton, George Whitecross
245 0 _aTextbook of jurisprudence
250 _a3rd ed.
260 _aLondon
_bEnglish Language Books society
_c1964
300 _axv, 600 p.
942 _cBK
999 _c35614
_d35614